[Event "HUN-ch U16"]
[Site "Miskolc"]
[Date "2004.07.05"]
[Round "1"]
[White "Berki, Tamas"]
[Black "Radnai, Tamas"]
[Result "0-1"]
[WhiteElo "1547"]
[BlackElo "2066"]
[PlyCount "64"]
[EventDate "2004.07.05"]
[EventType "swiss"]
[EventRounds "9"]
[EventCountry "HUN"]
[SourceTitle "EXT 2008"]
[Source "ChessBase"]
[SourceDate "2007.11.25"]
[SourceVersion "1"]
[SourceVersionDate "2007.11.25"]
[SourceQuality "1"]

1. e4 e6 2. d4 d5 3. e5 c5 4. c3 Nc6 5. Nf3 Nge7 6. dxc5 Ng6 7. Bb5 Bxc5 8. Bxc6+ bxc6 9. b4 Be7 10. Nbd2 Ba6 11. Nb3 0-0 12. Be3 Qc7 13. Bd4 Rfb8 14. Qd2 Bc4 15. Rb1 c5 16. bxc5 Bxc5 17. Qe3 Bxd4 18. Qxd4 Qb6 19. Nfd2 Qxd4 20. cxd4 Nf4 21. g3 Nd3+ 22. Ke2 Nxe5+ 23. Nxc4 Nxc4 24. Kd3 Rb6 25. Nd2 Nxd2 26. Kxd2 Rab8 27. Rxb6 Rxb6 28. Rc1 g6 29. f4 Rb7 30. Rc5 Rb2+ 31. Rc2 Rxc2+ 32. Kxc2 Kf8 0-1